000
00312nam a22001337a 4500
020
_a
978-81-7233-505-2
041
_a
ENG
100
_a
Tarafdar.J.C
245
_a
Organic Agriculture
260
_a
New Delhi
_b
Scientific Pub
_c
2012
300
_a
369
650
_a
Agricultural
856
_u
Agricultural ( 19 )
999
_c
2193
_d
2193